Real Bodies : (Record no. 611249)

MARC details
000 -LEADER
fixed length control field 00485nam a2200193 a 4500
008 - FIXED-LENGTH DATA ELEMENTS--GENERAL INFORMATION
fixed length control field 260207s2002##################000#0#eng##
020 ## - INTERNATIONAL STANDARD BOOK NUMBER
ISBN 9780333947517
082 04 - DEWEY DECIMAL CLASSIFICATION NUMBER
Classification number 306.4
Item number EVA
100 1# - MAIN ENTRY--AUTHOR NAME
Personal name Evans, Mary,
245 10 - TITLE STATEMENT
Title Real Bodies :
260 ## - PUBLICATION, DISTRIBUTION, ETC. (IMPRINT)
Name of publisher Palgrave Macmillan,
Year of publication 2002.
300 ## - PHYSICAL DESCRIPTION
Number of Pages 204 pages
650 #0 - SUBJECT ADDED ENTRY--TOPICAL TERM
Topical Term Social Science.
942 ## - ADDED ENTRY ELEMENTS (KOHA)
Koha item type English Books
Holdings
Withdrawn status Lost status Damaged status Not for loan Home library Current library Shelving location Date acquired Full call number Accession Number Price effective from Koha item type
        Anna Centenary Library Anna Centenary Library 3RD FLOOR, B WING 07.02.2026 306.4 EVA 321283 07.02.2026 English Books

Find us on the map